| 000 | 00420nam a2200157Ia 4500 | ||
|---|---|---|---|
| 008 | 230312s9999||||xx |||||||||||||| ||und|| | ||
| 020 | _a1-85669-837-5 | ||
| 082 |
_a720.92 _bBAL-K |
||
| 100 | _aBallantyne;Andrew | ||
| 245 | 0 | _aKey Buildings from Prehistory to the Present | |
| 260 |
_bLaurence King _aChina _c2012 |
||
| 300 | _a320 | ||
| 546 | _aEng. | ||
| 650 |
_aArchitecture _vBuildings from Prehistory |
||
| 942 | _cBK | ||
| 999 |
_c8215 _d8215 |
||